ბათუმის შოთა რუსთაველის სახელმწიფო უნივერსიტეტის ბიბლიოთეკა

ორჰან ქემალის ქართული თარგმანები (უბედური შემთხვევა, ქალბატონის მამული, უცხო ქალი) (ბიბ.ჩანაწერი № 52063)

000 -ლიდერი
ფიქსირებული სიგრძის საკონტროლო ველი 01408nam a2200241Ia 4500
001 - საკონტროლო ნომერი
საკონტროლო ველი 19069
003 - საკონტროლო ნომრის იდენტიფიკატორი
საკონტროლო ველი GE_BSU
005 - ბოლო ოპერაციის თარიღი და დრო
საკონტროლო ველი 20210405173730.0
008 - ფიქსირებული სიგრძის მონაცემთა ელემენტები - ზოგადი ინფორმაცია
ფიქსირებული სიგრძის საკონტროლო ველი 181216s2016||||ge |||||||||||||| ||geo||
040 ## - კატალოგიზაციის წყარო
Transcribing agency GE_BSU
041 ## - ენის კოდი
Language code of text/sound track or separate title geo
080 ## - უნივერსალური ათობითი კლასიფიკაციის ინდექსი
Universal Decimal Classification number 82 ო-37
100 ## - მთავარი ჩანაწერი - პიროვნების სახელი
Personal name ოზთურქი, გულ მუქერრემ
9 (RLIN) 11078
245 ## - ცნობა სათაურის შესახებ
Title ორჰან ქემალის ქართული თარგმანები (უბედური შემთხვევა, ქალბატონის მამული, უცხო ქალი)
Statement of responsibility, etc გულ მუქერრემ ოზთურქი; მეცნ. ხელმძღანელი ლ. თანდილავა; ბათუმის შოთა რუსთაველის სახ-ფო უნ-ტი.
264 ## - წარმოების, გამოცემის, დისტრიბუციის და სხვა ცნობები
გამოცემის, წარმოების, დისტრიბუციის... ადგილი ბათუმი :
გამოცემის, წარმოების, დისტრიბუციის... სახელწოდება ბსუ,
გამოცემის, წარმოების, დისტრიბუციის... თარიღი 2016.
300 ## - ფიზიკური აღწერა
Extent 186 გვ. ,
Other physical details 30 სმ.
653 ## - INDEX TERM--UNCONTROLLED
Uncontrolled term დისერტაცია
653 ## - INDEX TERM--UNCONTROLLED
Uncontrolled term ლიტმცოდნეობა
653 ## - INDEX TERM--UNCONTROLLED
Uncontrolled term ორჰან ქემალის ქართული თარგმანები (უბედური შემთხვევა, ქალბატონის მამული, უცხო ქალი)
700 ## - ADDED ENTRY--PERSONAL NAME
Personal name თანდილავა, ლილე
Relator term მეცნ. ხელმძღანელი
9 (RLIN) 5951
710 ## - ADDED ENTRY--CORPORATE NAME
Corporate name or jurisdiction name as entry element ბსუ.
9 (RLIN) 11079
942 ## - ADDED ENTRY ELEMENTS (KOHA)
Koha item type წიგნი
Source of classification or shelving scheme
ეგზემპლარები
ჩამოწერის სტატუსი დაკარგული ეგზემპლარის სტატუსი კლასიფიკაციის წყარო ან თაროზე გაწყობის სქემა დაზიანების სტატუსი არ გაიცემა მუდმივი მდებარეობა (დაცვის ადგილი) ამჟამინდელი ადგილსამყოფელი თაროზე განთავსების ადგილი შეძენის თარიღი სრული შენახვის შიფრი შტრიხკოდი ბოლო ოპერაციის თარიღი ეგზემპლარის მიმდევრობითი ნომერი (კეტერი?) ფასის ძალაში შესვლის თარიღი ეგზემპლარის სახეობა
          ბათუმის შოთა რუსთაველის სახელმწიფო უნივერსიტეტის მთავარი ბიბლიოთეკა ბათუმის შოთა რუსთაველის სახელმწიფო უნივერსიტეტის მთავარი ბიბლიოთეკა წიგნსაცავი 2018-12-17 82 ო-37 256 დისერტ. 2018-12-17 256 2018-12-17 დისერტაცია